De la libertad ciudadana al control gubernamental: historia legal de los candidatos comunes y las coaliciones electorales (1946-1990) /
Gorde:
| Egile nagusia: | |
|---|---|
| Formatua: | Texto |
| Gaiak: | |
| Etiketak: |
Etiketa erantsi
Etiketarik gabe, Izan zaitez lehena erregistro honi etiketa jartzen!
|
MARC
| LEADER | 00000 a a2200000 04500 | ||
|---|---|---|---|
| 001 | 7734 | ||
| 003 | |||
| 040 | |||
| 100 | |a Fernández, Paulina | ||
| 245 | |a De la libertad ciudadana al control gubernamental: |b historia legal de los candidatos comunes y las coaliciones electorales (1946-1990) / |c Paulina Fernández | ||
| 650 | |a ELECCIONES | ||
| 650 | |a SISTEMAS POLITICOS | ||
| 650 | |a PARTICIPACION POLITICA | ||
| 650 | |a MEXICO | ||
| 773 | |g número 8; páginas 89-109 | ||
| 999 | |c 34943 |d 34943 | ||
